[Event "COL-ch U15"]
[White "Camelo Cifuentes, Pedro Esteban"]
[Black "Ibanez Moreno, Yamel"]
[Site "Bogota"]
[Round "3.9"]
[Result "1-0"]
[Date "2019.12.07"]
[WhiteElo "1394"]
[BlackElo "1301"]
[PlyCount "81"]
[EventDate "2019.12.06"]
[EventType "swiss"]
[EventRounds "6"]
[EventCountry "COL"]
[SourceTitle "EXT 2024"]
[Source "ChessBase"]
[SourceDate "2023.10.10"]
[SourceVersion "1"]
[SourceVersionDate "2023.10.10"]
[SourceQuality "1"]

1. Nf3 c5 2. g3 g6 3. Bg2 Bg7 4. 0-0 Nf6 5. d4 cxd4 6. Nxd4 Nc6 7. Nxc6 bxc6 8. Nc3 0-0 9. Ne4 Nxe4 10. Bxe4 Rb8 11. Rb1 Qc7 12. c3 d6 13. Qd3 c5 14. b3 Bb7 15. Bb2 Bxe4 16. Qxe4 Rfe8 17. c4 Bxb2 18. Rxb2 Qd7 19. Rd2 Qe6 20. Qxe6 fxe6 21. Rb1 a5 22. Rdb2 d5 23. a3 Rb7 24. cxd5 exd5 25. b4 Reb8 26. b5 c4 27. e3 e5 28. Kf1 Kf7 29. Ke2 Kf6 30. b6 d4 31. exd4 exd4 32. Rb5 Re7+ 33. Kd2 Re5 34. Rxe5 Kxe5 35. f3 g5 36. Rb5+ Kd6 37. Rxa5 Rxb6 38. Kc2 Ke6 39. Rxg5 Rb3 40. Rg4 d3+ 41. Kc1 1-0

[Event "COL-ch U15"]
[White "Camelo Cifuentes, Pedro Esteban"]
[Black "Campos Perilla, Felix Santiago"]
[Site "Bogota"]
[Round "1.2"]
[Result "1/2-1/2"]
[Date "2019.12.06"]
[WhiteElo "1394"]
[BlackElo "1542"]
[PlyCount "63"]
[EventDate "2019.12.06"]
[EventType "swiss"]
[EventRounds "6"]
[EventCountry "COL"]
[SourceTitle "EXT 2024"]
[Source "ChessBase"]
[SourceDate "2023.10.10"]
[SourceVersion "1"]
[SourceVersionDate "2023.10.10"]
[SourceQuality "1"]

1. Nf3 f5 2. Nc3 Nf6 3. d3 d5 4. e4 dxe4 5. dxe4 Qxd1+ 6. Nxd1 Nxe4 7. Bc4 Nc6 8. 0-0 Bd7 9. Re1 0-0-0 10. Bd5 h6 11. Bxe4 fxe4 12. Rxe4 Bf5 13. Re1 Bxc2 14. Nc3 g5 15. Re2 Bd1 16. Nxd1 Rxd1+ 17. Re1 Rxe1+ 18. Nxe1 Bg7 19. Rb1 Nb4 20. a3 Nd5 21. Be3 Nxe3 22. fxe3 Rd8 23. b4 Rd2 24. Nf3 Rd3 25. Nd4 Bxd4 26. exd4 Rxd4 27. Re1 Kd7 28. b5 Rd5 29. Re6 Rxb5 30. Rxh6 Rd5 31. Rh5 g4 32. Rg5 1/2-1/2